| 000 | 00448 a2200169 4500 | ||
|---|---|---|---|
| 000 | BKB | ||
| 001 | 071938 | ||
| 005 | 20200902151114.0 | ||
| 008 | |||
| 082 |
_a515.2433 _bJ45R |
||
| 100 | 1 | _aJenson, A. | |
| 245 | 1 |
_aRipples in mathematics _cby A. Jenson and A La Cour-Harbo |
|
| 260 |
_aNew Dehli _bSpringer _c2001 |
||
| 300 | _a246p. | ||
| 690 | _aMathematics; | ||
| 700 |
_aCour-Harbo, A La _b _c |
||
| 999 |
_c5205 _d5205 |
||